Entry Nombre personal
001 - NÚMERO DE CONTROL
- campo de control: 146747
003 - IDENTIFICADOR DE NÚMERO DE CONTROL
- campo de control: OSt
005 - FECHA Y HORA DE LA ÚLTIMA TRANSACCIÓN
- campo de control: 20230222193042.0
008 - ELEMENTOS DE DATO DE LONGITUD-FIJA
- campo de control de longitud fija: 110526 b azzaaaaaa a aaa d
040 ## - FUENTE DE CATALOGACIÓN
- Centro catalogador/agencia de origen: OSt
- Centro/agencia transcriptor: OSt
100 1# - ENCABEZAMIENTO-NOMBRE DE PERSONA
- Nombre de persona: Pato, Bulhão (
- Fechas asociadas al nombre: 1829-1912)
400 21 - TRAZADO DE VÉASE--NOMBRE DE PERSONA
- Nombre de persona: Bulhão Pato
400 00 - TRAZADO DE VÉASE--NOMBRE DE PERSONA
- Nombre de persona: Bulhao Pato, Raimundo Antonio de
400 21 - TRAZADO DE VÉASE--NOMBRE DE PERSONA
- Nombre de persona: Bulhão Pato, Raymundo Antonio (
- Fechas asociadas al nombre: 1829-1912)
